| 000 | 00827nac a22002291u 4500 | ||
|---|---|---|---|
| 010 | _a 89008946 | ||
| 020 | _a0471631477 | ||
| 082 | 0 | 0 |
_a658.514 _bSAN |
| 090 |
_c5862 _d5862 |
||
| 100 | _aSankar, Yassin. | ||
| 245 | 1 | 0 |
_aManagement of technological change / _cYassin Sankar. |
| 260 |
_aNew York : _bWiley,c1991. _cc1991. |
||
| 300 |
_axxvi, 374 p. : _bill. ; _c25 cm. |
||
| 490 | 1 | _aWiley series in engineering & technology management | |
| 500 | _a"A Wiley-Interscience publication." | ||
| 500 | _aDistributer : Al-Ahram. | ||
| 504 | _aIncludes bibliographical references and index. | ||
| 518 | _aCatalogued By: Mahitab. | ||
| 650 | 0 |
_aTechnological innovations _xManagement. |
|
| 830 | 0 | _aWiley series in engineering and technology management. | |
| 942 |
_cBB _k658.514SAN |
||
| 999 |
_c5862 _d5862 |
||